|
|
|
|
| LEADER |
00000csc a2200000 a 4500 |
| 001 |
91332 |
| 005 |
20230308215020.0 |
| 008 |
000000|1944 ||||||||r|||||||||||spa|| |
| 040 |
|
|
|b spa
|
| 041 |
0 |
|
|a Español
|
| 082 |
0 |
|
|a 330.15
|
| 100 |
1 |
|
|a Cassel, Gustavo
|9 301246
|
| 245 |
|
|
|a Pensamientos fundamentales en la economía
|c Gustavo Cassel
|h imp
|
| 250 |
|
|
|a 3a ed.
|
| 264 |
|
|
|a México
|b Fondo de Cultura Económica
|c 1944
|
| 300 |
|
|
|a 164 páginas:
|c 21 cm
|
| 490 |
|
|
|a Sección de Obras de Economía
|n no. 2
|
| 650 |
|
|
|a Teoria economica
|9 11991
|
| 650 |
|
|
|a Economia de precios
|9 70187
|
| 650 |
|
|
|a Escasez de la moneda
|9 301247
|
| 852 |
|
|
|a UC-CDJBV
|c ESTANTERIA CERRADA
|f Compra
|k sara.alvarado
|l 1
|m General
|p 00000000
|q 3.00
|r 2
|t 91332
|b 0
|d CDRC
|e CDRC
|g 330.15 ESTANTERIA CERRADA
|z 0000-00-00
|
| 942 |
|
|
|
| 999 |
|
|
|c 129543
|d 129543
|